[Event "Danmarksmesterskabet 2020"]
[Site "Svendborg"]
[Date "2020.10.14"]
[Round "6.5"]
[White "Thybo, Jesper Sondergaard"]
[Black "Haubro, Martin"]
[Result "0-1"]
[WhiteElo "2573"]
[BlackElo "2423"]
[PlyCount "110"]
[EventDate "2020.10.09"]
[EventType "tourn"]
[EventRounds "9"]
[EventCountry "DEN"]

1. Nf3 Nf6 2. g3 d5 3. Bg2 Bg4 4. c4 e6 5. Qb3 Qc8 6. Ne5 c6 7. Nxg4 Nxg4 8. d4
Nd7 9. Nc3 Be7 10. O-O O-O 11. e4 dxe4 12. Nxe4 Ngf6 13. Nc3 Bd6 14. Rd1 a6 15.
Be3 Rb8 16. Rac1 Re8 17. h3 Qc7 18. c5 Bf8 19. Qa3 Rbd8 20. b4 Nd5 21. Nxd5
exd5 22. Bf4 Qc8 23. Qd3 g6 24. a4 Bg7 25. b5 axb5 26. axb5 Nf8 27. bxc6 bxc6
28. Rb1 Ne6 29. Be3 Qc7 30. h4 Rb8 31. Bh3 f5 32. h5 Rxb1 33. Rxb1 Rb8 34.
Rxb8+ Qxb8 35. h6 Bf8 36. Qa6 Qc7 37. Qa8 Kf7 38. Kf1 Nd8 39. g4 f4 40. Bd2 Be7
41. g5 Bxg5 42. Ba5 Qb7 43. Qxb7+ Nxb7 44. Bc7 Ke8 45. Ke2 Bxh6 46. Be5 Nd8 47.
Kf3 Nf7 48. Bxf4 Bxf4 49. Kxf4 Ke7 50. Ke3 Ng5 51. Bc8 Ne6 52. Bb7 Kd7 53. f4
Ng7 54. Kd3 h5 55. Ba6 h4 0-1

[Event "Danmarksmesterskabet 2020"]
[Site "Svendborg"]
[Date "2020.10.15"]
[Round "7.1"]
[White "Rasmussen, Allan Stig"]
[Black "Chatalbashev, Boris"]
[Result "0-1"]
[WhiteElo "2559"]
[BlackElo "2522"]
[PlyCount "70"]
[EventDate "2020.10.09"]
[EventType "tourn"]
[EventRounds "9"]
[EventCountry "DEN"]

1. e4 d6 2. d4 Nf6 3. Nc3 g6 4. Be3 c6 5. f3 b5 6. g4 Bg7 7. Qd2 h5 8. g5 Nfd7
9. f4 Nb6 10. b3 O-O 11. Nf3 d5 12. Bd3 b4 13. Ne2 c5 14. e5 c4 15. bxc4 dxc4
16. Be4 Nd5 17. Ng3 e6 18. a3 c3 19. Qf2 Ba6 20. Nh4 Nc6 21. axb4 Bc4 22. Bc1
Nce7 23. Ba3 Rb8 24. b5 Rxb5 25. Qf3 Qb6 26. Bc5 Rxc5 27. dxc5 Qxc5 28. Qf2 Qb4
29. Qxa7 Nc6 30. Qf2 Rb8 31. Qf3 Nd4 32. Qd1 Qc5 33. Nf3 Nxc2+ 34. Qxc2 Qe3+
35. Kd1 Bb3 0-1

[Event "Danmarksmesterskabet 2020"]
[Site "Svendborg"]
[Date "2020.10.15"]
[Round "7.2"]
[White "Bjerre, Jonas Buhl"]
[Black "Ochsner, Bjorn Moller"]
[Result "1-0"]
[WhiteElo "2559"]
[BlackElo "2482"]
[PlyCount "75"]
[EventDate "2020.10.09"]
[EventType "tourn"]
[EventRounds "9"]
[EventCountry "DEN"]

1. e4 e5 2. Nf3 Nc6 3. Bb5 a6 4. Ba4 d6 5. c3 Bd7 6. d4 g6 7. O-O Bg7 8. h3 Nf6
9. Re1 O-O 10. Bc2 Nh5 11. a4 Qc8 12. Na3 Kh8 13. Nc4 b5 14. Ne3 exd4 15. cxd4
Nb4 16. axb5 Bxb5 17. Ra3 Nxc2 18. Qxc2 Qb7 19. Rc3 Rac8 20. Bd2 Nf6 21. Ng4
Nxg4 22. hxg4 c5 23. dxc5 dxc5 24. e5 Bd7 25. Rc4 Be6 26. Rf4 Rfd8 27. Bc3 h6
28. Nd2 g5 29. Rf5 Qd7 30. Re3 Re8 31. Rh3 Bxf5 32. gxf5 Qd5 33. e6 f6 34. Bxf6
Bxf6 35. Rxh6+ Kg8 36. Rxf6 Rf8 37. Rg6+ Kh8 38. Qc3+ 1-0

[Event "Danmarksmesterskabet 2020"]
[Site "Svendborg"]
[Date "2020.10.15"]
[Round "7.3"]
[White "Haubro, Martin"]
[Black "Andersen, Mads"]
[Result "0-1"]
[WhiteElo "2423"]
[BlackElo "2577"]
[PlyCount "80"]
[EventDate "2020.10.09"]
[EventType "tourn"]
[EventRounds "9"]
[EventCountry "DEN"]

1. e4 c6 2. d4 d5 3. e5 Bf5 4. h4 h5 5. Bd3 Bxd3 6. Qxd3 Qa5+ 7. Nd2 e6 8. Ne2
Ne7 9. O-O Qa6 10. c4 Nf5 11. g3 c5 12. b4 cxb4 13. Bb2 Nc6 14. a3 dxc4 15.
Nxc4 Rd8 16. Rfd1 Qb5 17. axb4 Bxb4 18. Nf4 Ncxd4 19. Bxd4 Nxd4 20. Rac1 O-O
21. Nxh5 Qd5 22. Qe3 Bc5 23. Nd2 f6 24. Ne4 Bb6 25. Nhxf6+ gxf6 26. Nxf6+ Rxf6
27. Qg5+ Kh7 28. Qxf6 Rd7 29. h5 Qe4 30. Rc8 Rg7 31. h6 Rxg3+ 32. fxg3 Nf3+ 33.
Kg2 Ng5+ 34. Kf1 Qh1+ 35. Ke2 Qh5+ 36. Kd3 Qxd1+ 37. Kc4 Qc2+ 38. Kb4 Qb2+ 39.
Ka4 Qa2+ 40. Kb4 a5+ 0-1

[Event "Danmarksmesterskabet 2020"]
[Site "Svendborg"]
[Date "2020.10.15"]
[Round "7.4"]
[White "Fries Nielsen, Jens Ove"]
[Black "Thybo, Jesper Sondergaard"]
[Result "0-1"]
[WhiteElo "2380"]
[BlackElo "2573"]
[PlyCount "76"]
[EventDate "2020.10.09"]
[EventType "tourn"]
[EventRounds "9"]
[EventCountry "DEN"]

1. d4 d5 2. Nc3 Nf6 3. Bf4 c5 4. Nf3 Nc6 5. e3 Bg4 6. Be2 Bxf3 7. Bxf3 cxd4 8.
exd4 e6 9. O-O Bd6 10. Be3 O-O 11. Ne2 b5 12. c3 Na5 13. Qd3 Nc4 14. b3 Nxe3
15. fxe3 Qb6 16. g4 e5 17. Qf5 Rae8 18. g5 Ne4 19. Rad1 g6 20. Qg4 f5 21. Qg2
Rc8 22. Rc1 Kg7 23. Bxe4 dxe4 24. c4 exd4 25. Nxd4 Ba3 26. Rcd1 bxc4 27. bxc4
Bc5 28. Qg3 Kg8 29. Qe5 Rfe8 30. Qd5+ Kh8 31. Rb1 Qd8 32. Qxd8 Rexd8 33. Rfd1
f4 34. Kf2 Bxd4 35. Rxd4 Rxd4 36. exd4 Rxc4 37. Rb8+ Kg7 38. Rb7+ Kf8 0-1

[Event "Danmarksmesterskabet 2020"]
[Site "Svendborg"]
[Date "2020.10.15"]
[Round "7.5"]
[White "Brondt, Nicolai Kvist"]
[Black "Hansen, Sune Berg"]
[Result "1/2-1/2"]
[WhiteElo "2226"]
[BlackElo "2557"]
[PlyCount "81"]
[EventDate "2020.10.09"]
[EventType "tourn"]
[EventRounds "9"]
[EventCountry "DEN"]

1. d4 Nf6 2. c4 e6 3. Nc3 Bb4 4. e3 O-O 5. Bd3 d5 6. Nge2 c5 7. cxd5 cxd4 8.
exd4 Nxd5 9. O-O Nc6 10. a3 Bd6 11. Nxd5 exd5 12. Bf4 Bg4 13. f3 Bh5 14. Qd2
Be7 15. Rad1 Bg6 16. Rfe1 Bf6 17. Kh1 Rc8 18. b4 Re8 19. Bb5 Re6 20. Ba4 a5 21.
Bb3 axb4 22. axb4 Be7 23. b5 Na5 24. Nc1 Nxb3 25. Nxb3 Bc2 26. Nc5 Bxc5 27.
Rxe6 fxe6 28. Qxc2 Bxd4 29. Qe2 e5 30. Bxe5 Qe7 31. f4 Bxe5 32. fxe5 Qe6 33.
Qe3 Rc4 34. Qg5 Rc8 35. h3 h6 36. Qe3 Rc4 37. Qa7 Qxe5 38. Qxb7 d4 39. b6 Kh7
40. Qd7 Qe4 41. b7 1/2-1/2

[Event "Danmarksmesterskabet 2020"]
[Site "Svendborg"]
[Date "2020.10.17"]
[Round "9.1"]
[White "Ochsner, Bjorn Moller"]
[Black "Thybo, Jesper Sondergaard"]
[Result "1-0"]
[WhiteElo "2482"]
[BlackElo "2573"]
[PlyCount "111"]
[EventDate "2020.10.09"]
[EventType "tourn"]
[EventRounds "9"]
[EventCountry "DEN"]

1. e4 e5 2. Nf3 Nc6 3. Bb5 a6 4. Ba4 Nf6 5. O-O Bc5 6. c3 O-O 7. d4 Ba7 8. Bg5
h6 9. Bh4 exd4 10. cxd4 d6 11. Bxc6 bxc6 12. Nbd2 Re8 13. e5 g5 14. Nxg5 hxg5
15. Bxg5 dxe5 16. Qf3 Qxd4 17. Bxf6 Qg4 18. Qxg4+ Bxg4 19. Rfe1 Re6 20. Bxe5
Rae8 21. Nc4 Bh5 22. Bc3 Re2 23. Rxe2 Rxe2 24. Rf1 Bg6 25. Ne5 Be4 26. Ng4 Bd5
27. a3 Be6 28. Ne5 Bd5 29. h4 f5 30. Nf3 Bxf3 31. gxf3 Kh7 32. Kg2 Bb6 33. Kg3
Kg6 34. Kf4 Bxf2 35. h5+ Kh6 36. Kxf5 c5 37. f4 Bd4 38. Rd1 Bxc3 39. bxc3 Re3
40. Rc1 c4 41. Kf6 Kxh5 42. f5 Kg4 43. Rf1 Kg3 44. Kf7 Kg2 45. Rf4 Rxc3 46. f6
Kg3 47. Rf5 Kg2 48. Kf8 Rg3 49. f7 c3 50. Ke8 Re3+ 51. Kd8 Rd3+ 52. Kc8 c2 53.
Rc5 Rf3 54. Rxc2+ Kf1 55. Rxc7 Ke2 56. Kd8 1-0

[Event "Danmarksmesterskabet 2020"]
[Site "Svendborg"]
[Date "2020.10.17"]
[Round "9.2"]
[White "Haubro, Martin"]
[Black "Rasmussen, Allan Stig"]
[Result "1/2-1/2"]
[WhiteElo "2423"]
[BlackElo "2559"]
[PlyCount "89"]
[EventDate "2020.10.09"]
[EventType "tourn"]
[EventRounds "9"]
[EventCountry "DEN"]

1. e4 c6 2. d4 d5 3. exd5 cxd5 4. Nf3 Nf6 5. c4 e6 6. Nc3 Bb4 7. cxd5 Nxd5 8.
Qc2 Nc6 9. Bd3 Ba5 10. a3 h6 11. O-O O-O 12. Rd1 Bd7 13. Nxd5 exd5 14. Ne5 Bb6
15. Nxc6 Bxc6 16. Be3 Rc8 17. Qd2 Qf6 18. Bc2 Bb5 19. Rac1 Rfe8 20. Bb1 Bc7 21.
g3 Qf3 22. Re1 h5 23. Qd1 Qxd1 24. Rexd1 Bb6 25. Rxc8 Rxc8 26. Ba2 Be2 27. Rc1
Rxc1+ 28. Bxc1 Bf3 29. Be3 g5 30. Bb1 Be4 31. Bxe4 dxe4 32. Bxg5 Bxd4 33. b3 a6
34. Kg2 Kg7 35. f3 Kg6 36. Bf4 Kf5 37. Bb8 b5 38. h3 exf3+ 39. Kxf3 Bc5 40. a4
bxa4 41. bxa4 Ke6 42. Kf4 Be7 43. g4 hxg4 44. Kxg4 f5+ 45. Kf3 1/2-1/2

[Event "Danmarksmesterskabet 2020"]
[Site "Svendborg"]
[Date "2020.10.17"]
[Round "9.3"]
[White "Bjerre, Jonas Buhl"]
[Black "Andersen, Mads"]
[Result "1/2-1/2"]
[WhiteElo "2559"]
[BlackElo "2577"]
[PlyCount "61"]
[EventDate "2020.10.09"]
[EventType "tourn"]
[EventRounds "9"]
[EventCountry "DEN"]

1. d4 d5 2. c4 c6 3. Nf3 Nf6 4. g3 Bf5 5. Nc3 e6 6. Nh4 dxc4 7. Nxf5 exf5 8. e3
Nbd7 9. Bxc4 Nb6 10. Bb3 Qd7 11. O-O h5 12. Qf3 h4 13. e4 hxg3 14. hxg3 fxe4
15. Nxe4 Nxe4 16. Qxe4+ Be7 17. Re1 Kf8 18. Bf4 Bf6 19. Re2 g6 20. Be5 Qh3 21.
Qg2 Qxg2+ 22. Kxg2 Kg7 23. Rae1 Rad8 24. Bxf6+ Kxf6 25. Re7 Rd7 26. Rxd7 Nxd7
27. Re3 Rf8 28. Rf3+ Ke7 29. Re3+ Kf6 30. Rf3+ Ke7 31. Re3+ 1/2-1/2

[Event "Danmarksmesterskabet 2020"]
[Site "Svendborg"]
[Date "2020.10.17"]
[Round "9.4"]
[White "Brondt, Nicolai Kvist"]
[Black "Chatalbashev, Boris"]
[Result "0-1"]
[WhiteElo "2226"]
[BlackElo "2522"]
[PlyCount "60"]
[EventDate "2020.10.09"]
[EventType "tourn"]
[EventRounds "9"]
[EventCountry "DEN"]

1. d4 d5 2. c4 Nc6 3. Nf3 Bg4 4. Nc3 e6 5. cxd5 exd5 6. Bg5 Be7 7. Bxe7 Ngxe7
8. e3 O-O 9. Be2 Nc8 10. O-O Nb6 11. Na4 Nc4 12. Nc5 b6 13. Nd3 a5 14. Qc2 Ne7
15. b3 Nd6 16. Nfe5 Bxe2 17. Qxe2 f6 18. Nf3 Qd7 19. a4 Rfe8 20. Rac1 Rac8 21.
Rfd1 g5 22. g3 Kg7 23. h4 h6 24. hxg5 hxg5 25. Kg2 Qg4 26. Rh1 Nef5 27. Rce1
Re7 28. Ng1 Qe4+ 29. f3 Nxe3+ 30. Kf2 Qxd4 0-1

[Event "Danmarksmesterskabet 2020"]
[Site "Svendborg"]
[Date "2020.10.17"]
[Round "9.5"]
[White "Fries Nielsen, Jens Ove"]
[Black "Hansen, Sune Berg"]
[Result "1/2-1/2"]
[WhiteElo "2380"]
[BlackElo "2557"]
[PlyCount "61"]
[EventDate "2020.10.09"]
[EventType "tourn"]
[EventRounds "9"]
[EventCountry "DEN"]

1. e4 c5 2. Nf3 d6 3. d4 cxd4 4. Nxd4 Nf6 5. Nc3 a6 6. b3 e5 7. Nde2 Qc7 8. Bb2
b5 9. Ng3 Nbd7 10. a4 b4 11. Na2 Qb7 12. Bc4 Nc5 13. O-O Be6 14. Bxe6 fxe6 15.
f4 Ncxe4 16. Nxe4 Qxe4 17. Qd2 a5 18. c4 bxc3 19. Nxc3 Qd4+ 20. Qxd4 exd4 21.
Nb5 Kd7 22. Bxd4 Be7 23. Rad1 Ra6 24. f5 Rc8 25. fxe6+ Kxe6 26. Rfe1+ Kd7 27.
Rd3 Rac6 28. Na7 Rc1 29. Nxc8 Rxe1+ 30. Kf2 Rc1 31. Nxe7 1/2-1/2